Crimes Funcionais - Código Penal - Statistics

Estatísticas Gerais
  • Esse quiz foi jogado 9 vezes
  • A pontuação média é 4 de 17
Estatísticas das Respostas
Hint Resposta % Correto
Art. 312 Peculato
63%
Art. 319 Prevaricação
63%
Art. 317 Corrupção passiva
50%
Art. 316 Concussão
38%
Art. 323 Abandono de função
25%
Art. 321 Advocacia administrativa
25%
Art. 320 Condescendência criminosa
25%
Art. 316 - § 1º Excesso de exação
25%
Art. 325 Violação de sigilo funcional
25%
Art. 324 Exercício funcional ilegalmente antecipado ou prolongado
13%
Art. 318 Facilitação de contrabando ou descaminho
13%
Art. 313 Peculato mediante erro de outrem
13%
Art. 322 Violência arbitrária
13%
Art. 315 Emprego irregular de verbas ou rendas públicas
0%
Art. 314 Extravio, sonegação ou inutilização de livro ou documento
0%
Art. 313-A Inserção de dados falsos em sistema de informações
0%
Art. 313-B Modificação ou alteração não autorizada de sistema de informações
0%
Nenhum quiz correspondente encontrado
Distribuição das Pontuações
Porcentagem de Pessoas com Cada Pontuação
Percentil de Números Respondidos
Sua Pontuação Histórica
Você não jogou esse quiz